Lord of the Rings Picture Chain - Sudden Death - Statistics

General Stats
  • This quiz has been taken 986 times
  • The average score is 7 of 18
Answers on the Grid
Answers color-coded by a green-red scale on the quiz's grid according to % correct below.




START
1. GANDALF
He hadn't aged a day...

13. LEGOLAS
He would die before his stroke fell...


9. SAMWISE GAMGEE
He guided us to Bucklebury Ferry...

16. THEODEN
I was his puppet for a time...

3. FRODO BIGGINS
She rushed me to Rivendell…
5. ARAGORN
I swore to him the White City would not fall...
12. GIMLI
Don't tell him Aragorn tossed me...

18. SAURON
I see you!
2. BILBO BAGGINS
He's my nephew...

10. MERRY BRANDYBUCK
He's my cousin...

14. EOMER
He banished me from Rohan...
4. ARWEN
I love him...
8. GOLLUM
Stupid, fat hobbit...

15. GRIMA WORMTONGUE
I weakened his mind...

11. PIPPIN TOOK
He was displeased with our victory celebration...
7. FARAMIR
He told me the truth about Frodo...


17. SARUMAN
He commanded me to build an army...
6. BOROMIR
He is my brother…
 
Answer Stats
Answer % Correct




START
1. GANDALF
He hadn't aged a day...
100%
3. FRODO BIGGINS
She rushed me to Rivendell…
63%
2. BILBO BAGGINS
He's my nephew...
55%
5. ARAGORN
I swore to him the White City would not fall...
53%
4. ARWEN
I love him...
49%
6. BOROMIR
He is my brother…
40%
7. FARAMIR
He told me the truth about Frodo...
40%
9. SAMWISE GAMGEE
He guided us to Bucklebury Ferry...
39%
11. PIPPIN TOOK
He was displeased with our victory celebration...
37%
10. MERRY BRANDYBUCK
He's my cousin...
31%
18. SAURON
I see you!
24%
17. SARUMAN
He commanded me to build an army...
23%
13. LEGOLAS
He would die before his stroke fell...
21%
8. GOLLUM
Stupid, fat hobbit...
19%
16. THEODEN
I was his puppet for a time...
18%
14. EOMER
He banished me from Rohan...
16%
12. GIMLI
Don't tell him Aragorn tossed me...
14%
15. GRIMA WORMTONGUE
I weakened his mind...
14%
No matching quizzes found
Score Distribution
Percent of People with Each Score
Percentile by Number Answered
Your Score History
You have not taken this quiz